banner koha

Modelos alométricos para estimar el almacenamiento de carbono de bosques montanos bajos en el sur del Ecuador (Registro n. 298432)

MARC details
000 -LÍDER
fixed length control field 03732nab a2200289 i 4500
003 - CÓDIGO MARC DA AGÊNCIA CATALOGADORA
Campo de controle BR-BrBNA
005 - DATA E HORA DA ÚLTIMA ATUALIZAÇÃO
Campo de controle 20240202100659.0
008 - CAMPO DE TAMANHO FIXO
fixed length control field 240202b2018 bl.qr|pooa||| 00| 0 spa |
040 ## - FONTE DA CATALOGAÇÃO
Agência catalogadora BR-BrBNA
Idioma da catalogação spa
072 ## - CATEGORIA AGRIS
Código AGRIS K10
100 ## - ENTRADA PRINCIPAL - NOME PESSOAL
Nome pessoal Sivisaca, Deicy Carolina Lozano
100 ## - ENTRADA PRINCIPAL - NOME PESSOAL
Nome pessoal Herrera, Byron Gonzalo Palacios
100 ## - ENTRADA PRINCIPAL - NOME PESSOAL
Nome pessoal Mendoza, Zhofre Huberto Aguirre
245 ## - TÍTULO PRINCIPAL
Título principal Modelos alométricos para estimar el almacenamiento de carbono de bosques montanos bajos en el sur del Ecuador
500 ## - NOTA GERAL
Nota geral Publicação on-line; 48 ref.; 3 tables; 6 illus.; Summaries (En, Pt)
942 ## - ADDED ENTRY ELEMENTS (KOHA)
Koha item type
520 ## - NOTA DE RESUMO
Nota de conteúdo <br/><br/>RESUMEN<br/><br/>En Ecuador existen bosques montanos bajos de gran importancia biológica que proveen de servicios ecosistémicos como el almacenamiento de carbono. Por esta razón, se desarrolló una investigación que permitió elaborar modelos alométricos mediante la cuantificación de carbono en el bosque montano bajo. Se estableció una parcela permanente de una hectárea y se midieron todos los árboles con diámetro a la altura del pecho (DAP1,30m) ≥ 5 cm. Las variables que se usaron para la generación de los modelos fueron DAP y altura total (ht). La biomasa arbórea fue de 322,37 t ha-1 y el carbono total estimado fue de 161,07 t ha-1. En los modelos alométricos del estrato arbóreo, las variables que mejor se ajustaron fueron DAP, DAP2y ht. La familia botánica con mayor biomasa (69,95 t ha-1) y carbono (34,98 t C ha-1) fue Moraceae, que conjuntamente con Lauraceae, Myristicaceae y Rubiaceae almacenan el 57% de carbono (91,55 t C ha-1) del bosque montano bajo. De las 179 especies botánicas registradas, las especies Pseudolmedia laevigata, Nectandra reticulata, Otoba parvifolia, Vochysia paraensis, Ficus sp.y Elaeagia obovata almacenan el 51% (81 t C ha-1) del carbono total estimado. <br/><br/>Palabras claves:biomasa; servicio ecosistémico; Lauraceae
520 ## - NOTA DE RESUMO
Nota de conteúdo <br/><br/>ABSTRACT<br/><br/>In Ecuador, there are montane forests of great biological importance that provide ecosystem services such as carbon storage. For this reason, we did this research for generate allometric models through by quantifying carbon in lower montane forests. We established one permanent plot of one hectare and measured all the trees with diameter at breast height (DBH1,30m)≥ 5 cm. The variables that were used to generate the models were: DBH and total height (th). The tree biomass was 322.37 t ha-1 and the estimated total carbon was 161.07 t ha-1. In the allometric models of the arboreal stratum, the variables that were adjusted best were: DBH, DBH2 and th. The botanical family with more biomass (69.95 t ha-1) and carbon (34.98 t C ha-1) was Moraceae, which together with Lauraceae, Rubiaceae and Myristicaceae stored the 57% carbon (91.55 t C ha-1) in the lower montane forest. Of the 179 botanical species registered, Pseudolmedia laevigata, Nectandra reticulata, Otoba parvifolia, Vochysia paraensis, Ficus sp and Elaeagia obovata stored 51% (81 t C ha-1) of carbon total estimated.<br/><br/>Keywords: biomass; ecosystem service; Lauraceae.
650 ## - ASSUNTO - THESAGRO
Cabeçalho tópico ou nome geográfico FLORESTA
650 ## - ASSUNTO - THESAGRO
Cabeçalho tópico ou nome geográfico BIOMASSA
650 ## - ASSUNTO - THESAGRO
Cabeçalho tópico ou nome geográfico LAURACEAE
650 ## - ASSUNTO - THESAGRO
Cabeçalho tópico ou nome geográfico ARMAZENAMENTO
650 ## - ASSUNTO - THESAGRO
Cabeçalho tópico ou nome geográfico CARBONO
773 0# - ENTRADA ANALÍTICA
Host Biblionumber 4065
Registro do item 198128
Imprenta Santa Maria-RS Universidade Federal de Santa Maria - Centro de Pesquisas Florestais.Departamento de Ciências Florestais. Programa de Pós-Graduação em Engenharia Florestal 1991
Outro identificador 2023-437009
Título Ciência Florestal (Brazil)
ISSN 0103-9954; 1980-5098 (on-line)
Colação v. 28(3) p. 1328-1339 (Jul-Sep 2018)
Número de controle de registro BR2023001534
856 ## - ACESSO E ENDEREÇO ELETRÔNICO
Identificador uniforme de recurso - URI https://periodicos.ufsm.br/cienciaflorestal/article/view/33464/pdf

Nenhum exemplar disponível.

BINAGRI

Telefone: (61)3218-2567/2388/3357/2097 - binagri@agro.gov.br

Ministério da Agricultura e Pecuária , Esplanada dos Ministérios, Bloco D, Anexo B, Brasília/DF, CEP: 70.043-900